Loading...
| Current Events | 3 | 26.67 | 100% | 100% | 67% |
| Fine Arts - Classical Music | 1 | 10.00 | 100% | 0% | 0% |
| Fine Arts - Other | 3 | 13.33 | 100% | 33% | 0% |
| Fine Arts - Painting and Sculpture | 2 | 15.00 | 100% | 50% | 0% |
| Geography | 1 | 20.00 | 100% | 100% | 0% |
| History - American | 2 | 20.00 | 100% | 100% | 0% |
| History - Ancient/Other | 2 | 20.00 | 100% | 50% | 50% |
| History - European | 4 | 15.00 | 75% | 75% | 0% |
| History - Other | 1 | 10.00 | 100% | 0% | 0% |
| History - World | 5 | 20.00 | 100% | 60% | 40% |
| Literature - American | 2 | 15.00 | 100% | 50% | 0% |
| Literature - British | 6 | 11.67 | 100% | 17% | 0% |
| Literature - European | 4 | 12.50 | 75% | 50% | 0% |
| Literature - World | 2 | 15.00 | 100% | 0% | 50% |
| Mythology | 7 | 21.43 | 86% | 100% | 29% |
| Other Academic | 1 | 10.00 | 100% | 0% | 0% |
| Philosophy | 6 | 10.00 | 100% | 0% | 0% |
| Religion | 5 | 14.00 | 80% | 60% | 0% |
| Science - Biology | 5 | 14.00 | 100% | 20% | 20% |
| Science - Chemistry | 3 | 13.33 | 100% | 33% | 0% |
| Science - Other | 3 | 10.00 | 67% | 33% | 0% |
| Science - Physics | 3 | 16.67 | 100% | 67% | 0% |
| Social Science | 3 | 16.67 | 100% | 33% | 33% |